| 000 | 00463nam a2200181Ia 4500 | ||
|---|---|---|---|
| 001 | 18910 | ||
| 005 | 20260306171705.0 | ||
| 008 | 260306s9999||||xx |||||||||||||| ||und|| | ||
| 041 | _aESP | ||
| 082 |
_a658.562 _bC265 |
||
| 100 |
_aLibros técnicos _eAUT |
||
| 245 | 0 | _aControl de calidad a través de seis sigma, aplicaciones con excel | |
| 260 | _c2016 | ||
| 300 |
_a381 páginas : _c25 cm. |
||
| 650 | _aGEN | ||
| 654 | _aCAN | ||
| 942 |
_cLIB _dJUS _fJUS _2ddc _n |
||
| 999 |
_c18910 _d18910 |
||